A glimpse of geospatial technologies and applications / (Record no. 170358)

MARC details
000 -LEADER
fixed length control field 00651nam a22001937a 4500
005 - DATE AND TIME OF LATEST TRANSACTION
control field 20191213141854.0
010 ## - LCCN (DPL NO)
LC control number ENG-127128
020 ## - INTERNATIONAL STANDARD BOOK NUMBER
Terms of availability 1095.00
International Standard Book Number 9789388881180
035 ## - SYSTEM CONTROL NUMBER
System control number EN-110660
037 ## - SOURCE OF ACQUISITION
Source of stock number/acquisition DBAD/PUB
082 ## - DEWEY DECIMAL CLASSIFICATION NUMBER
Classification number 333.72
245 ## - TITLE STATEMENT
Title A glimpse of geospatial technologies and applications /
Statement of responsibility, etc ed.by Narayan Chetry
260 ## - PUBLICATION, DISTRIBUTION, ETC. (IMPRINT)
Place of publication, distribution, etc Assam
Name of publisher, distributor, etc EBH Publishers (an imprint of Eastern book House )
Date of publication, distribution, etc 2019
270 ## - ADDRESS
Address 136, M.L.Nehru Road, Panbazar
City Guwahati
Postal code 781001
Telephone number 2513876
Electronic mail address easternbookhouse.in
300 ## - PHYSICAL DESCRIPTION
Extent xix;213p.
Dimensions 23cm(Hb)
500 ## - GENERAL NOTE
General note Includes index
700 ## - ADDED ENTRY--PERSONAL NAME
Personal name Chetry, Narayan
942 ## - ADDED ENTRY ELEMENTS (KOHA)
Source of classification or shelving scheme Dewey Decimal Classification
Item type English Books
Classification part 333.72
Call number suffix AGL
Holdings
Withdrawn status Lost status Not for loan Collection code Home library Current library Date acquired Source of acquisition Cost, normal purchase price Full call number Barcode Copy number Cost, replacement price Koha item type
      Non-fiction Sarojini Nagar Sarojini Nagar 13/12/2019 DBAD/PUB 1095.00 333.72 AGL EN-110660 1 1095.00 English Books

© Delhi Public Library
Hit Counter
free hit counter